Attentate der Weltgeschichte - Statistiken

Allgemein
  • Dieses Quiz wurde 122 mal gespielt
  • Das Durchschnittsergebnis liegt bei 9 aus 20
Antwortstatistiken
Datum Ort Tatwaffe Antwort % Korrekt
15.03.44 v. Chr. Rom Dolche Gaius Julius Caesar
96%
28.06.1914 Sarajevo Pistole Franz Ferdinand
92%
20.07.1944 Wolfsschanze Bombe Adolf Hitler
85%
22.11.1963 Dallas Repetiergewehr John F Kennedy
84%
14.04.1865 Washington DC Pistole Abraham Lincoln
82%
30.01.1948 Delhi Pistole Mohandas Gandhi
79%
13.05.1981 Vatikan Pistole Johannes Paul II
48%
04.04.1968 Memphis Gewehr Martin Luther King
46%
30.12.1916 St Petersburg Zyankali, Pistole, Ertränken Grigori Rasputin
33%
10.09.1898 Genf Feile Elisabeth von Österreich
30%
20.08.1940 Coyoacán Eispickel Leo Trotzki
27%
27.05.1942 Prag Anti-Panzer-Granate Richard Heydrich
27%
11.04.1968 Berlin Pistole Rudi Dutschke
27%
28.02.1986 Stockholm Pistole Olof Palme
26%
04.11.1995 Tel Aviv Pistole Jitzchak Rabin
21%
25.02.1634 Eger Lanze Albrecht von Wallenstein
15%
13.07.1793 Paris Küchenmesser Jean Paul Marat
13%
25.07.1934 Wien Pistole Engelbert Dollfuß
10%
22.01.661 Kufa Vergiftetes Schwert Alī ibn Abī Tālib
7%
14.05.1610 Paris Messer Heinrich IV
6%
Keine übereinstimmenden Quizze gefunden
Verteilung der Resultate
Anzahl Personen mit jedem Resultat
Perzentil nach korrekt beantworteten Fragen
Ihre Resultats-Entwicklung
Sie haben dieses Quiz noch nicht gespielt